000 00418nam a2200145Ia 4500
008 100204s9999 xx 000 0 und d
082 _b10775
100 _aकुलकर्णी वसंत विष्णू
245 _aमळभ
260 _bकर्नाटक प्रकाशन संस्था
_c1987
300 _a110
630 _aमळभ
730 _aमळभ
942 _cBOOK
999 _c455211
_d455208